Contemporary college physics / (Record no. 180557)
[ view plain ]
| 000 -LEADER | |
|---|---|
| fixed length control field | 01459 a2200217 4500 |
| 003 - CONTROL NUMBER IDENTIFIER | |
| control field | Nust |
| 005 - DATE AND TIME OF LATEST TRANSACTION | |
| control field | 20221128095445.0 |
| 010 ## - LIBRARY OF CONGRESS CONTROL NUMBER | |
| LC control number | 92026814 |
| 020 ## - INTERNATIONAL STANDARD BOOK NUMBER | |
| International Standard Book Number | 0201557215 |
| 040 ## - CATALOGING SOURCE | |
| Transcribing agency | Nust |
| 082 00 - DEWEY DECIMAL CLASSIFICATION NUMBER | |
| Classification number | 530,ROB |
| 100 1# - MAIN ENTRY--PERSONAL NAME | |
| Personal name | Robinson, Paul. |
| 9 (RLIN) | 103654 |
| 245 10 - TITLE STATEMENT | |
| Title | Contemporary college physics / |
| Statement of responsibility, etc. | Paul Robinson |
| 260 ## - PUBLICATION, DISTRIBUTION, ETC. | |
| Place of publication, distribution, etc. | Reading, Mass. : |
| Name of publisher, distributor, etc. | Addison-Wesley, |
| Date of publication, distribution, etc. | c1993. |
| 300 ## - PHYSICAL DESCRIPTION | |
| Extent | xvi, 941 p. : |
| Other physical details | ill. (some col.), col. map ; |
| Dimensions | 26 cm. |
| 505 ## - FORMATTED CONTENTS NOTE | |
| Formatted contents note | Roll Out the (Page-1), Trial and Error (Page-5), Put Force on the Table (Page-7), Bring Home the Bacon (Page-11), Merrily we Roll Along (Page-15), Computerized Gravity (Page-21), What a Drag (Page-25), Impact Speed (Page-27), Atwood Machine (Page-33), Billiard Ball Physics (Page-37), Bull, Eye (Page-41), Sharp Shooter (Page-45), Potential Wells (Page-53), Blast Off (Page-57), Slip-Stick (Page-61), Falling Around (Page-67) Loop the Loop (Page-79) Float a Big Stick (Page-87), A Wrenching Experience (Page-95), Hot Stuff (Page-99), Cooling Curves (Page-109), Catch a Wave (Page-117), Thin Lens (Page-127), Absolutely Relative (Page-135), Seeing Around the Corner(Page-139), Static Cling (Page-151), Brown Out (Page-159), Ohm Sweet Ohm (Page-171), Cranking up (Page-177), Current Balance (Page-193), Nuclear Marbles (Page-201), Half-Life (Page-205), You’re Your Own (Page-211). |
| 650 #0 - SUBJECT ADDED ENTRY--TOPICAL TERM | |
| Topical term or geographic name entry element | Physics. |
| 700 1# - ADDED ENTRY--PERSONAL NAME | |
| Personal name | Childers, Richard L. |
| 9 (RLIN) | 103655 |
| 740 0# - ADDED ENTRY--UNCONTROLLED RELATED/ANALYTICAL TITLE | |
| Uncontrolled related/analytical title | Physics. |
| 942 ## - ADDED ENTRY ELEMENTS (KOHA) | |
| Source of classification or shelving scheme | |
| Koha item type | Book |
| Call number prefix | 530,ROB |
| Withdrawn status | Lost status | Source of classification or shelving scheme | Damaged status | Not for loan | Permanent Location | Current Location | Shelving location | Date acquired | Full call number | Barcode | Date last seen | Price effective from | Koha item type | Public note |
|---|---|---|---|---|---|---|---|---|---|---|---|---|---|---|
| Military College of Signals (MCS) | Military College of Signals (MCS) | General Stacks | 12/12/2016 | 530,ROB | MCS22273 | 12/08/2016 | 12/12/2016 | Book | Almirha No 112, Shelf No 2 | |||||
| Military College of Signals (MCS) | Military College of Signals (MCS) | General Stacks | 12/12/2016 | 530,ROB | MCS6346 | 12/08/2016 | 12/12/2016 | Book | Almirah No. 15 Shelf No. 4 |
